000 00761nam a2200229Ia 4500
003 GCL
008 140319s9999 xx 000 0 ara d
020 _a4547000977
040 _aGCL /
_cGCL
082 0 4 _a267.4
_bم ز
100 1 _aمحمد بركات البيلى
245 1 0 _aالزهاد والمتصوفة فى بلاد المغرب والاندلس حتى القرن الخامس الهجرى /
_cمحمد بركات البيلى
260 _aالقاهرة :
_bدار النهضة العربية ،
_c1993
300 _a205 ص ؛
_c24 سم
650 0 4 _aتاريخ
650 0 4 _aالاسلام
650 0 4 _aالتصوف الاسلامى
650 0 4 _aالاندلس
650 0 4 _aالتصوف
650 0 4 _aالزهد
942 _2ddc
_cBK
999 _c30970
_d30970